[Event "MEX-ch U26"]
[Site "Merida"]
[Date "2019.05.12"]
[Round "1"]
[White "Sarmiento, Torres Felipe"]
[Black "Diaz Rosas, Jose Martin"]
[Result "1/2-1/2"]
[WhiteElo "2078"]
[BlackElo "1646"]
[PlyCount "56"]
[EventDate "2019.05.12"]
[EventType "swiss"]
[EventRounds "6"]
[EventCountry "MEX"]
[SourceTitle "EXT 2020"]
[Source "ChessBase"]
[SourceDate "2019.10.17"]
[SourceVersion "1"]
[SourceVersionDate "2019.10.17"]
[SourceQuality "1"]

1. d4 g6 2. Bf4 Bg7 3. e3 Nf6 4. Be2 0-0 5. Nf3 d5 6. 0-0 Bf5 7. c4 c6 8. Ne5 Nbd7 9. Nc3 Ne4 10. Nxd7 Qxd7 11. Rc1 Nxc3 12. bxc3 b5 13. c5 Rfe8 14. g4 Be6 15. f3 f6 16. Qc2 Bf7 17. e4 e5 18. Be3 dxe4 19. fxe4 exd4 20. cxd4 Qe6 21. Bf3 Qxa2 22. Qc3 Qb3 23. Qd2 Qe6 24. Ra1 Qe7 25. Ra6 Qb7 26. Rfa1 b4 27. d5 Rec8 28. dxc6 Rxc6 1/2-1/2